Corporate aftershock : (Record no. 13636)

000 -LEADER
fixed length control field 00923cam a22002534a 4500
020 ## - INTERNATIONAL STANDARD BOOK NUMBER
ISBN 0471430021 (cloth : alk. paper)
040 ## - CATALOGING SOURCE
Transcribing agency DLC
082 00 - DEWEY DECIMAL CLASSIFICATION NUMBER
Classification number 332 J.W 2003 A011 Or.
245 00 - TITLE STATEMENT
Title Corporate aftershock :
Remainder of title the public policy lessons from the collapse of Enron and other major corporations /
260 ## - PUBLICATION, DISTRIBUTION, ETC. (IMPRINT)
Place of publication Hoboken, N.J. :
Name of publisher J. Wiley,
Year of publication c2003.
300 ## - PHYSICAL DESCRIPTION
Number of Pages xxix, 321 p. :
Other physical details ill. ;
Dimensions 24 cm.
500 ## - GENERAL NOTE
General note "Cato Institute."
500 ## - GENERAL NOTE
General note Published simultaneously in Canada.
650 #0 - SUBJECT ADDED ENTRY--TOPICAL TERM
Topical Term Disclosure in accounting.
650 #0 - SUBJECT ADDED ENTRY--TOPICAL TERM
Topical Term Corporations
650 #0 - SUBJECT ADDED ENTRY--TOPICAL TERM
Topical Term Industrial policy.
700 1# - ADDED ENTRY--PERSONAL NAME
Personal name Culp, Christopher L.
700 1# - ADDED ENTRY--PERSONAL NAME
Personal name Niskanen, William A.,
710 2# - ADDED ENTRY--CORPORATE NAME
Corporate name or jurisdiction name as entry element Cato Institute.
856 42 - ELECTRONIC LOCATION AND ACCESS
Uniform Resource Identifier http://www.loc.gov/catdir/bios/wiley046/2002156132.html
856 42 - ELECTRONIC LOCATION AND ACCESS
Uniform Resource Identifier http://www.loc.gov/catdir/description/wiley039/2002156132.html
856 41 - ELECTRONIC LOCATION AND ACCESS
Uniform Resource Identifier http://www.loc.gov/catdir/toc/wiley031/2002156132.html
942 ## - ADDED ENTRY ELEMENTS (KOHA)
Koha item type សៀវភៅភាសាអង់គ្លេស
952 ## - LOCATION AND ITEM INFORMATION (KOHA)
Withdrawn status [LOCAL, KOHA] 0
Holdings
Permanent Location Date acquired Koha item type Lost status Shelving location Barcode Current Location Full call number
Library Block A2017-08-29សៀវភៅភាសាអង់គ្លេស A011A19746Library Block A332 J.W 2003 A011 Or.
មជ្ឈមណ្ឌលឯការនៃសាកលវិទ្យាល័យភូមិន្ទកសិកម្មចំការដូង

Powered by Koha